000 01210nam2a2200289 4500
001 RU\NLR\BIBL_A\011812903
005 20181106170101.0
010 _a978-5-9500485-7-9
021 _aRU
_bКН-П-18-065935
_9КН-П-18-4750
035 _a(NLR Aleph) 011812903
035 _a(RuMoRGB)009734544
090 _a11925561
_c11925561
100 _a20181005d2018 k y0rusy50 ca
101 0 _arus
102 _aRU
105 _aa|||b|||000zy
200 1 _a1918-2020
210 _aМосква
_cКоинсс
_d2018
215 _a132 с.
_cил., цв. ил.
300 _aОбщ. загл. вып.: Каталог монет СССР и России, 1918-2020
461 0 _1001RU\NLR\BIBL_A\011011011
_12001#$aКаталог монет СССР и России$fCoins Moscow.[ru$gГусев Савелий Олегович]$v[2018, октябрь, вып. 11]
_911023497
_cМосква
_d2016]
_fCoins Moscow.[ru
_n[б. и.
_tКаталог монет СССР и России
_v[2018, октябрь, вып. 11]
517 1 _aКаталог монет СССР и России, 1918-2020
852 _aNLR
_j2015-3/40630
942 _cBOOK
980 _aNB